| 000 | 00813nam a2200193Ia 4500 | ||
|---|---|---|---|
| 003 | GCL | ||
| 008 | 140319s9999 xx 000 0 ara d | ||
| 040 |
_aGCL / _cGCL |
||
| 082 | 0 | 4 |
_a338.91 _bا ا |
| 100 | 1 | _aاوتيزا، انريك | |
| 245 | 1 | 0 |
_aالاعتماد الجماعى على الذات كاستراتيجية بديلة للتنمية / _cاوتيزا، انريك |
| 260 |
_aالقاهرة : _bالهيئة المصرية العامة للكتاب ، _c1985 |
||
| 300 |
_a353 ص ؛ _c24 سم |
||
| 650 | 0 | 4 | _aالاحوال الاقتصادية |
| 650 | 0 | 4 | _aالتنمية الاقتصادية - تمويل |
| 650 | 0 | 4 | _aالعالم العربى - التنمية الاقتصادية |
| 650 | 0 | 4 | _aالتنمية الاقتصادية - الجوانب الاجتماعية |
| 942 |
_2ddc _cBK |
||
| 999 |
_c5841 _d5841 |
||